000 00505nam a22001817a 4500
005 20180425171637.0
010 _aENG-122666
020 _a9789386702586
_c299.00
035 _aEN-106198
037 _bDBAD/PUB
082 _aS
100 _aLiddle, Madhulika
245 _aWoman to woman /
_cby Madhulika Liddle
260 _aNew Delhi
_bSpeaking Tiger Publications
_c2017
270 _a4381/4, Ansari Road, Daryaganj,
_bNew Delhi
_e110002
300 _a175p.
_c21cm(pbk)
942 _2ddc
_cEN
_mLID
_hS
999 _c151759
_d151759